[Event "Hessenliga 1921"]
[Site "Hessen"]
[Date "2019.09.22"]
[Round "1.3"]
[White "Schnitzspan, Lothar"]
[Black "Roeschlau, Bernd"]
[Result "0-1"]
[WhiteElo "2275"]
[BlackElo "2222"]
[PlyCount "134"]
[EventDate "2019.09.22"]
[EventType "team-tourn"]
[EventRounds "9"]
[EventCountry "GER"]
[SourceTitle "EXT 2024"]
[Source "ChessBase"]
[SourceDate "2023.10.10"]
[SourceVersion "1"]
[SourceVersionDate "2023.10.10"]
[SourceQuality "1"]
[WhiteTeam "Griesheim II"]
[BlackTeam "Frankfurt Bvk"]
[WhiteTeamCountry "GER"]
[BlackTeamCountry "GER"]

1. Nf3 Nf6 2. c4 e6 3. Nc3 d5 4. e3 a6 5. b3 c5 6. Bb2 Nc6 7. d4 Bd6 8. Be2 0-0 9. 0-0 Re8 10. Rc1 cxd4 11. exd4 Bf4 12. Rb1 Bd7 13. Re1 Qc7 14. Bf1 Rad8 15. Bc1 dxc4 16. bxc4 Bc8 17. d5 Ne7 18. Ne4 Nxe4 19. Rxe4 Bd6 20. Be3 exd5 21. cxd5 Bf5 22. Bb6 Qd7 23. Ne5 Bxe5 24. Rxe5 Bxb1 25. Bxd8 Rxd8 26. Qxb1 Nxd5 27. Qe4 b5 28. g3 Nf6 29. Qb4 Qd4 30. Qa5 h5 31. Rf5 Rd6 32. Qc7 Qb6 33. Qc2 g6 34. Rc5 Ng4 35. h3 Nh6 36. Rc8+ Kg7 37. Ra8 Rf6 38. Bd3 Qd4 39. Be4 Re6 40. Qc8 Kh7 41. Bf3 Re1+ 42. Kg2 Rb1 43. Qd8 Qxd8 44. Rxd8 Rb2 45. a3 Rb3 46. a4 bxa4 47. Bd1 Rb4 48. Rd6 a3 49. Rxa6 Rd4 50. Bc2 Rc4 51. Bb1 Rc3 52. Be4 Kg7 53. Bb1 Ng8 54. Ba2 Ne7 55. Ra7 Kf8 56. h4 Ke8 57. Kg1 Nc6 58. Bxf7+ Kf8 59. Rc7 Nd4 60. Rd7 Nb5 61. Be6 Rc6 62. Bb3 Ra6 63. Rd1 Nc3 64. Ra1 Ke7 65. Kf1 Kd6 66. Ke1 Kc5 67. Kd2 Kb4 0-1

[Event "Arco op 38th"]
[Site "Arco"]
[Date "2016.10.11"]
[Round "4"]
[White "Schnitzspan, Lothar"]
[Black "Von Wantoch Rekowski, Markus"]
[Result "1-0"]
[WhiteElo "2298"]
[BlackElo "1997"]
[PlyCount "87"]
[EventDate "2016.10.08"]
[EventType "swiss"]
[EventRounds "9"]
[EventCountry "ITA"]
[SourceTitle "EXT 2017"]
[Source "ChessBase"]
[SourceDate "2016.10.25"]
[SourceVersion "1"]
[SourceVersionDate "2016.10.25"]
[SourceQuality "1"]

1. Nf3 Nf6 2. c4 e6 3. Nc3 d5 4. e3 Be7 5. g4 Nc6 6. Rg1 h6 7. d4 Ne4 8. Qc2 Nxc3 9. bxc3 Bd7 10. e4 dxc4 11. Bxc4 Na5 12. Be2 c5 13. d5 exd5 14. exd5 Bd6 15. g5 Qe7 16. gxh6 gxh6 17. Bxh6 0-0-0 18. Bg5 f6 19. Be3 Bxh2 20. Nxh2 Rxh2 21. 0-0-0 Rh4 22. c4 b6 23. Qc3 Re8 24. Bd3 Qe5 25. Kd2 Nb7 26. Rg6 f5 27. Qxe5 Rxe5 28. Bg5 Rg4 29. Rg8+ Kc7 30. f3 Rd4 31. Bf6 Re8 32. Rxe8 Rxd3+ 33. Kxd3 Bxe8 34. Rg1 b5 35. Rg7+ Kb6 36. Ke3 bxc4 37. Kf4 Nd6 38. Ke5 Nb5 39. Bd8+ Ka6 40. d6 c3 41. d7 Bxd7 42. Rxd7 Nd4 43. Rxd4 cxd4 44. Kxd4 1-0

[Event "Arco op 38th"]
[Site "Arco"]
[Date "2016.10.08"]
[Round "1"]
[White "Buglisi, Massimo"]
[Black "Schnitzspan, Lothar"]
[Result "0-1"]
[WhiteElo "1914"]
[BlackElo "2298"]
[PlyCount "80"]
[EventDate "2016.10.08"]
[EventType "swiss"]
[EventRounds "9"]
[EventCountry "ITA"]
[SourceTitle "EXT 2017"]
[Source "ChessBase"]
[SourceDate "2016.10.25"]
[SourceVersion "1"]
[SourceVersionDate "2016.10.25"]
[SourceQuality "1"]

1. e4 e5 2. Nf3 d6 3. d4 exd4 4. Nxd4 Nf6 5. Nc3 Be7 6. Bf4 a6 7. f3 c5 8. Nb3 Be6 9. Nd5 Bxd5 10. exd5 Nh5 11. Bg3 0-0 12. Bd3 Bh4 13. Kf2 b5 14. Bxh4 Qxh4+ 15. g3 Qf6 16. Nd2 Qxb2 17. Re1 Nf6 18. Ne4 Nxd5 19. Bf1 Nc3 20. Nxc3 Qxc3 21. Qxd6 Ra7 22. Bh3 Qd4+ 23. Qxd4 cxd4 24. Re4 Rc7 25. Re2 Rc4 26. Bf5 Nc6 27. Bd3 Ra4 28. Re4 g6 29. f4 Rd8 30. f5 Kg7 31. fxg6 hxg6 32. h4 Rd5 33. Re8 Nb4 34. Ra8 Rc5 35. Kf3 Nxc2 36. Rc1 Ra3 37. Ke2 Rxa2 38. Rxc2 Rcxc2+ 39. Bxc2 Rxc2+ 40. Kd3 Rc3+ 0-1

[Event "Bundesliga 1516"]
[Site "Germany"]
[Date "2016.02.07"]
[Round "6.6"]
[White "Schnitzspan, Lothar"]
[Black "Werle, Jan"]
[Result "0-1"]
[WhiteElo "2317"]
[BlackElo "2534"]
[PlyCount "122"]
[EventDate "2015.09.18"]
[EventType "team-tourn"]
[EventRounds "15"]
[EventCountry "GER"]
[SourceTitle "CBM 171"]
[Source "ChessBase"]
[SourceDate "2016.03.14"]
[SourceVersion "2"]
[SourceVersionDate "2016.03.14"]
[SourceQuality "1"]
[WhiteTeam "Griesheim"]
[BlackTeam "Werder Bremen"]
[WhiteTeamCountry "GER"]
[BlackTeamCountry "GER"]

1. Nf3 Nf6 2. c4 e6 3. b3 d5 4. Bb2 Be7 5. e3 0-0 6. Be2 c5 7. 0-0 Nc6 8. d4 cxd4 9. Nxd4 Bd7 10. Nc3 dxc4 11. Bxc4 Ne5 12. Be2 a6 13. Nf3 Ng6 14. Rc1 Rc8 15. Qd3 Qa5 16. a4 Rfd8 17. Qb1 Qb6 18. Bc4 Bc6 19. Nd4 Nh4 20. f3 Bc5 21. Kh1 Bxd4 22. exd4 Rxd4 23. Ne4 Nxe4 24. Bxd4 Qxd4 25. fxe4 Nxg2 26. Qd3 Qxe4 27. Qxe4 Bxe4 28. Bd5 Ne1+ 29. Bxe4 Rxc1 30. a5 Rc5 31. Rxe1 Rxa5 32. Bxb7 Rb5 33. Bxa6 Rxb3 34. Kg2 g6 35. Re2 Kg7 36. Bc4 Rb6 37. Ba2 h6 38. Kg3 Ra6 39. Kg2 Kf6 40. Kg3 Ke7 41. Kg2 f5 42. Bc4 Rc6 43. Bd5 Rd6 44. Bf3 Kf6 45. Rc2 Ke5 46. Ra2 Kf4 47. Ra4+ Kg5 48. Rc4 e5 49. h4+ Kf6 50. Rc6 Rxc6 51. Bxc6 e4 52. Be8 g5 53. hxg5+ hxg5 54. Kg3 Ke5 55. Bd7 Kf6 56. Bc8 Ke5 57. Bd7 f4+ 58. Kg4 Kd4 59. Kxg5 e3 60. Bg4 Ke4 61. Bf5+ Kf3 0-1

[Event "BL2-Sued 1415"]
[Site "Germany"]
[Date "2014.12.07"]
[Round "4.7"]
[White "Meinhardt, Maximilian"]
[Black "Schnitzspan, Lothar"]
[Result "1-0"]
[WhiteElo "2395"]
[BlackElo "2325"]
[PlyCount "87"]
[EventDate "2014.09.21"]
[EventType "team-tourn"]
[EventRounds "9"]
[EventCountry "GER"]
[SourceTitle "CBM 166 Extra"]
[Source "ChessBase"]
[SourceDate "2015.06.18"]
[SourceVersion "1"]
[SourceVersionDate "2015.06.18"]
[SourceQuality "1"]
[WhiteTeam "Viernheim"]
[BlackTeam "Griesheim"]
[WhiteTeamCountry "GER"]
[BlackTeamCountry "GER"]

1. e4 e5 2. Nf3 d6 3. d4 exd4 4. Nxd4 Nf6 5. Nc3 Be7 6. g3 Nc6 7. Bg2 Bg4 8. f3 Nxd4 9. Qxd4 Be6 10. f4 c6 11. f5 Bc8 12. Bf4 0-0 13. 0-0-0 Ne8 14. Kb1 Qa5 15. g4 Bf6 16. Qd2 Be5 17. Rhf1 b6 18. Rf3 Ba6 19. Qf2 f6 20. Bd2 Bc4 21. b3 b5 22. Rh3 b4 23. Ne2 Bxe2 24. Qxe2 Rb8 25. Qc4+ Rf7 26. a4 Qb6 27. Be3 Qb7 28. Bf3 Kh8 29. Rd3 Rf8 30. Bd4 Bf4 31. Bb2 Rc8 32. Be2 a5 33. Rdf3 Bg5 34. Rh5 Qe7 35. h4 Bd2 36. g5 Rc7 37. Qd3 Bc3 38. Bc1 d5 39. exd5 cxd5 40. g6 Qe4 41. Rxh7+ Kg8 42. h5 Re7 43. h6 Nd6 44. Re3 1-0

[Event "Hessenliga 1415"]
[Site "Hessen"]
[Date "2014.10.12"]
[Round "2.4"]
[White "Schnitzspan, Lothar"]
[Black "Graf, Gerd"]
[Result "0-1"]
[WhiteElo "2325"]
[BlackElo "2214"]
[PlyCount "64"]
[EventDate "2014.09.28"]
[EventType "team-tourn"]
[EventRounds "9"]
[EventCountry "GER"]
[SourceTitle "EXT 2016"]
[Source "ChessBase"]
[SourceDate "2015.10.08"]
[SourceVersion "1"]
[SourceVersionDate "2015.10.08"]
[SourceQuality "1"]
[WhiteTeam "Griesheim II"]
[BlackTeam "Nied"]
[WhiteTeamCountry "GER"]
[BlackTeamCountry "GER"]

1. Nf3 g6 2. c4 Bg7 3. Nc3 d6 4. g3 e5 5. Bg2 Nc6 6. d3 Nf6 7. Rb1 a5 8. a3 0-0 9. 0-0 h6 10. b4 axb4 11. axb4 Be6 12. b5 Ne7 13. Bb2 Qd7 14. Re1 Bh3 15. Bh1 Ng4 16. Qb3 Rab8 17. Ra1 Kh8 18. Ra4 f5 19. Nd5 c5 20. Nxe7 Qxe7 21. Ra7 g5 22. e3 Qf7 23. Nd2 f4 24. exf4 gxf4 25. Bf3 h5 26. Re2 fxg3 27. hxg3 Bh6 28. Bd5 Qxf2+ 29. Rxf2 Rxf2 30. Bf3 Be3 31. Bxg4 Rxd2+ 32. Kh1 Bg2+ 0-1

[Event "Hessenliga 1314"]
[Site "Germany"]
[Date "2014.04.27"]
[Round "9.1"]
[White "Schnitzspan, Lothar"]
[Black "Dorst, Johannes"]
[Result "0-1"]
[WhiteElo "2324"]
[BlackElo "2243"]
[PlyCount "66"]
[EventDate "2013.09.29"]
[EventType "team-tourn"]
[EventRounds "9"]
[EventCountry "GER"]
[SourceTitle "EXT 2015"]
[Source "ChessBase"]
[SourceDate "2014.11.20"]
[SourceVersion "1"]
[SourceVersionDate "2014.11.20"]
[SourceQuality "1"]
[WhiteTeam "Bad Nauheim"]
[BlackTeam "Marburg"]
[WhiteTeamCountry "GER"]
[BlackTeamCountry "GER"]

1. Nf3 c5 2. g3 Nc6 3. d4 cxd4 4. Nxd4 g6 5. Bg2 Bg7 6. Nxc6 bxc6 7. 0-0 Rb8 8. Nd2 h5 9. h4 Qc7 10. Nb3 d6 11. Rb1 Nf6 12. Bd2 Bd7 13. c4 c5 14. Qc2 0-0 15. Bc3 Ba4 16. e4 Qb6 17. Rfe1 Ne8 18. Re3 Bxc3 19. Rxc3 Ng7 20. Bh3 Qa6 21. Re1 Rfd8 22. Kh2 Bd7 23. f4 Bxh3 24. Kxh3 e6 25. Nc1 d5 26. cxd5 exd5 27. Rxc5 dxe4 28. Rxe4 Qf1+ 29. Qg2 Qxg2+ 30. Kxg2 Rxb2+ 31. Kf3 Nf5 32. Ra4 Rd1 33. Rxa7 Re1 0-1

[Event "Hessenliga 1314"]
[Site "Germany"]
[Date "2014.03.09"]
[Round "7.1"]
[White "Schnitzspan, Lothar"]
[Black "Jankovic, Alojzije"]
[Result "0-1"]
[WhiteElo "2324"]
[BlackElo "2562"]
[PlyCount "80"]
[EventDate "2013.09.29"]
[EventType "team-tourn"]
[EventRounds "9"]
[EventCountry "GER"]
[SourceTitle "EXT 2015"]
[Source "ChessBase"]
[SourceDate "2014.11.20"]
[SourceVersion "1"]
[SourceVersionDate "2014.11.20"]
[SourceQuality "1"]
[WhiteTeam "Bad Nauheim"]
[BlackTeam "Gelnhausen"]
[WhiteTeamCountry "GER"]
[BlackTeamCountry "GER"]

1. Nf3 f5 2. b3 d6 3. d4 Nf6 4. Bb2 g6 5. e3 Bg7 6. Nbd2 0-0 7. Bd3 Nc6 8. 0-0 e5 9. dxe5 Nd7 10. Nc4 dxe5 11. e4 f4 12. Re1 Re8 13. Bf1 Qf6 14. Na5 Nd8 15. Qd3 Kh8 16. Rad1 g5 17. h3 h5 18. Qc3 g4 19. Nh2 Nf8 20. Qxc7 gxh3 21. gxh3 Nfe6 22. Qc3 Qg6+ 23. Kh1 Ng5 24. Bg2 f3 25. Nxf3 Nxh3 26. Bxh3 Bxh3 27. Nh4 Qg4 28. Qg3 Bf6 29. Nf5 h4 30. Qxg4 Bxg4 31. Rd5 Bf3+ 32. Kh2 Rg8 33. Bxe5 Bxe5+ 34. Rxe5 Nf7 35. Re7 Rg2+ 36. Kh3 Ng5+ 37. Kxh4 Rg4+ 38. Kh5 Rg8 39. Nh4 Rf4+ 40. Nxf3 Nxf3 0-1

[Event "Hessenliga 1314"]
[Site "Germany"]
[Date "2013.12.08"]
[Round "4.1"]
[White "Pap, Misa"]
[Black "Schnitzspan, Lothar"]
[Result "1-0"]
[WhiteElo "2488"]
[BlackElo "2324"]
[PlyCount "111"]
[EventDate "2013.09.29"]
[EventType "team-tourn"]
[EventRounds "9"]
[EventCountry "GER"]
[SourceTitle "EXT 2015"]
[Source "ChessBase"]
[SourceDate "2014.11.20"]
[SourceVersion "1"]
[SourceVersionDate "2014.11.20"]
[SourceQuality "1"]
[WhiteTeam "Korbach"]
[BlackTeam "Bad Nauheim"]
[WhiteTeamCountry "GER"]
[BlackTeamCountry "GER"]

1. e4 d6 2. d4 Nf6 3. Nc3 e5 4. Nf3 exd4 5. Qxd4 Be7 6. Bf4 0-0 7. 0-0-0 a6 8. h3 b5 9. e5 dxe5 10. Qxe5 Bd6 11. Qg5 Bb7 12. Bxd6 cxd6 13. Nd4 h6 14. Qf4 b4 15. Nce2 Nd5 16. Qd2 Nd7 17. Nf4 N7f6 18. Bd3 Qa5 19. Kb1 Rab8 20. Nb3 Qb6 21. Rhe1 a5 22. Bc4 Nxf4 23. Qxf4 d5 24. Bd3 a4 25. Qd4 Bc6 26. Qxb6 Rxb6 27. Nd4 Bd7 28. f3 Rd8 29. h4 Kf8 30. g4 Re8 31. Rxe8+ Nxe8 32. Re1 Nc7 33. Kc1 Rb8 34. Kd2 Rb6 35. Re5 Rb8 36. g5 Rb6 37. f4 Rd6 38. Re1 Rb6 39. f5 Rd6 40. Ke3 f6 41. gxh6 gxh6 42. Rg1 Be8 43. Ne2 Bf7 44. Kd4 Rc6 45. Ra1 Be8 46. Nf4 Bf7 47. a3 bxa3 48. Rxa3 Rb6 49. Rxa4 Rxb2 50. Kc5 Ke7 51. Ra7 Kd8 52. Kc6 Be8+ 53. Kd6 Rb6+ 54. Kc5 Rc6+ 55. Kd4 Rb6 56. Nxd5 1-0

[Event "Arco op 35th"]
[Site "Arco"]
[Date "2013.10.19"]
[Round "8"]
[White "Schnitzspan, Lothar"]
[Black "Bruno, Fabio"]
[Result "0-1"]
[WhiteElo "2324"]
[BlackElo "2408"]
[PlyCount "74"]
[EventDate "2013.10.12"]
[EventType "swiss"]
[EventRounds "9"]
[EventCountry "ITA"]
[SourceTitle "EXT 2014"]
[Source "ChessBase"]
[SourceDate "2013.11.20"]
[SourceVersion "1"]
[SourceVersionDate "2013.11.20"]
[SourceQuality "1"]

1. Nf3 d5 2. b3 Bf5 3. Bb2 e6 4. e3 Nf6 5. Be2 h6 6. c4 Nbd7 7. 0-0 c6 8. d3 Be7 9. Nbd2 0-0 10. Re1 Nc5 11. Ne5 a5 12. cxd5 exd5 13. a3 Bd6 14. d4 Ncd7 15. Ndf3 Re8 16. Bd3 Bxd3 17. Qxd3 Ne4 18. Nxd7 Qxd7 19. Nd2 Re6 20. Nf1 Rg6 21. f3 Ng5 22. Kh1 Re8 23. Qe2 Qf5 24. Bc3 h5 25. Bd2 h4 26. e4 dxe4 27. Bxg5 Qxg5 28. fxe4 h3 29. g3 Rge6 30. Qd3 Qg6 31. Nd2 Bf4 32. Nf3 Rxe4 33. Rxe4 Rxe4 34. Qf1 Qg4 35. Rd1 Re3 36. Ng1 Bh6 37. Nxh3 Qe4+ 0-1

[Event "Arco op 34th"]
[Site "Arco"]
[Date "2012.10.21"]
[Round "9"]
[White "Schnitzspan, Lothar"]
[Black "Horvath, Csaba"]
[Result "1/2-1/2"]
[WhiteElo "2325"]
[BlackElo "2526"]
[PlyCount "32"]
[EventDate "2012.10.13"]
[EventType "swiss"]
[EventRounds "9"]
[EventCountry "ITA"]
[SourceTitle "EXT 2013"]
[Source "ChessBase"]
[SourceDate "2012.11.22"]
[SourceVersion "1"]
[SourceVersionDate "2012.11.22"]
[SourceQuality "1"]

1. Nf3 Nf6 2. c4 g6 3. b3 Bg7 4. Bb2 d6 5. g3 e5 6. Bg2 0-0 7. 0-0 e4 8. Nd4 d5 9. Nc2 c6 10. cxd5 cxd5 11. d3 exd3 12. Qxd3 Bf5 13. Qd1 Nc6 14. Nd4 Be4 15. Nd2 Bxg2 16. Kxg2 Rc8 1/2-1/2

[Event "Arco op 34th"]
[Site "Arco"]
[Date "2012.10.20"]
[Round "8"]
[White "Schnitzspan, Lothar"]
[Black "Burmakin, Vladimir"]
[Result "1/2-1/2"]
[WhiteElo "2325"]
[BlackElo "2579"]
[PlyCount "38"]
[EventDate "2012.10.13"]
[EventType "swiss"]
[EventRounds "9"]
[EventCountry "ITA"]
[SourceTitle "EXT 2013"]
[Source "ChessBase"]
[SourceDate "2012.11.22"]
[SourceVersion "1"]
[SourceVersionDate "2012.11.22"]
[SourceQuality "1"]

1. c4 c6 2. Nf3 Nf6 3. b3 d5 4. e3 Bf5 5. Bb2 e6 6. Be2 Be7 7. Nh4 Bxb1 8. Qxb1 0-0 9. Nf3 Nbd7 10. 0-0 a5 11. Qc2 a4 12. Rab1 axb3 13. axb3 Bb4 14. Ra1 Qb6 15. h3 Rfc8 16. Rfc1 Qd8 17. d3 h6 18. Ne5 Nxe5 19. Bxe5 Nd7 1/2-1/2

[Event "Rhein Main op-A 15th"]
[Site "Bad Homburg"]
[Date "2012.06.09"]
[Round "6"]
[White "Schnitzspan, Lothar"]
[Black "Drill, Frank J"]
[Result "1/2-1/2"]
[WhiteElo "2327"]
[BlackElo "2134"]
[PlyCount "79"]
[EventDate "2012.06.06"]
[EventType "swiss"]
[EventRounds "7"]
[EventCountry "GER"]
[SourceTitle "EXT 2013"]
[Source "ChessBase"]
[SourceDate "2012.11.22"]
[SourceVersion "1"]
[SourceVersionDate "2012.11.22"]
[SourceQuality "1"]

1. Nf3 c5 2. g3 b6 3. Bg2 Bb7 4. c4 Nf6 5. Nc3 e6 6. 0-0 Be7 7. d4 cxd4 8. Qxd4 a6 9. Rd1 Nc6 10. Qf4 d6 11. b3 Qc7 12. Ba3 Ne5 13. Nxe5 dxe5 14. Qc1 Bxg2 15. Kxg2 0-0 16. Bxe7 Qxe7 17. Qe3 Qc7 18. f3 Rfd8 19. Rxd8+ Rxd8 20. Rd1 Rxd1 21. Nxd1 Nd7 22. Nf2 f6 23. Qe4 Nb8 24. Qg4 Qc8 25. Nd3 Nc6 26. Qe4 Qd7 27. b4 Qd6 28. c5 bxc5 29. Nxc5 a5 30. b5 Ne7 31. Nb3 Nd5 32. Nxa5 Qa3 33. Nc6 Qxa2 34. Qd3 Kf7 35. Kh3 Qa1 36. e4 Nb6 37. Nd8+ Ke7 38. Nb7 Kf7 39. Nd8+ Ke7 40. Nc6+ 1/2-1/2

[Event "Rhein Main op-A 15th"]
[Site "Bad Homburg"]
[Date "2012.06.08"]
[Round "4"]
[White "Schnitzspan, Lothar"]
[Black "Goloborodko, Dimitri"]
[Result "1-0"]
[WhiteElo "2327"]
[BlackElo "2125"]
[PlyCount "155"]
[EventDate "2012.06.06"]
[EventType "swiss"]
[EventRounds "7"]
[EventCountry "GER"]
[SourceTitle "EXT 2013"]
[Source "ChessBase"]
[SourceDate "2012.11.22"]
[SourceVersion "1"]
[SourceVersionDate "2012.11.22"]
[SourceQuality "1"]

1. Nf3 c5 2. g3 Nc6 3. d4 d5 4. Bg2 Nf6 5. 0-0 cxd4 6. Nxd4 e5 7. Nxc6 bxc6 8. c4 Bc5 9. Nc3 Bb7 10. cxd5 Nxd5 11. Qc2 Nxc3 12. Qxc3 Qe7 13. Be3 Bxe3 14. Qxe3 0-0 15. Rfc1 Qd6 16. Rc5 Rfe8 17. Rac1 Rac8 18. Qa3 a6 19. e3 g6 20. h4 Rc7 21. Qa5 Kg7 22. Kh2 e4 23. R1c4 Rce7 24. Qc3+ f6 25. Rd4 Qe6 26. a3 Qc8 27. Rd6 Rf8 28. Qd4 Qg4 29. f3 Qc8 30. fxe4 Qe8 31. b4 Re5 32. Rc2 g5 33. Rd7+ Rf7 34. Rd2 Bc8 35. Rd8 Qe6 36. hxg5 Rxg5 37. Qd6 Qg4 38. Qf4 Qh5+ 39. Qh4 Qg6 40. Qf4 Rg4 41. Qf3 Be6 42. R2d4 Rg5 43. R8d6 Bg4 44. Qf4 c5 45. R4d5 cxb4 46. axb4 Bc8 47. Rxg5 Qxg5 48. Rd5 Qg6 49. e5 Qh5+ 50. Kg1 fxe5 51. Qxe5+ Qxe5 52. Rxe5 Kf6 53. Rh5 Kg6 54. Ra5 h6 55. Be4+ Kg7 56. Bd5 Rf6 57. Rc5 Bd7 58. Rc7 Rd6 59. Bc4 Kf6 60. Bxa6 Ke5 61. Bb7 Rd1+ 62. Kf2 Bg4 63. Rc5+ Kd6 64. e4 Rb1 65. e5+ Ke7 66. Rc4 h5 67. Ke3 Re1+ 68. Kd4 Rb1 69. Bd5 Rd1+ 70. Kc5 Rd3 71. b5 Rxg3 72. b6 Bc8 73. Rb4 Rc3+ 74. Kd4 Rc1 75. b7 Bxb7 76. Rxb7+ Kf8 77. Rf7+ Ke8 78. Rh7 1-0

[Event "Hessenliga 1112"]
[Site "Germany"]
[Date "2012.01.29"]
[Round "5.2"]
[White "Schnitzspan, Lothar"]
[Black "Dunsbach, Ralf"]
[Result "1-0"]
[WhiteElo "2311"]
[BlackElo "2196"]
[PlyCount "103"]
[EventDate "2011.09.25"]
[EventType "team-tourn"]
[EventRounds "9"]
[EventCountry "GER"]
[SourceTitle "EXT 2013"]
[Source "ChessBase"]
[SourceDate "2012.11.22"]
[SourceVersion "1"]
[SourceVersionDate "2012.11.22"]
[SourceQuality "1"]
[WhiteTeam "Bad Nauheim"]
[BlackTeam "Bad Homburg"]
[WhiteTeamCountry "GER"]
[BlackTeamCountry "GER"]

1. Nf3 Nf6 2. c4 e6 3. g3 d5 4. Bg2 Be7 5. 0-0 0-0 6. b3 b6 7. Bb2 Bb7 8. e3 c5 9. Qe2 dxc4 10. bxc4 Nc6 11. Nc3 Rc8 12. Rac1 Qc7 13. d4 cxd4 14. exd4 Na5 15. Nb5 Qb8 16. d5 Nxc4 17. Rxc4 Bxd5 18. Rcc1 Nd7 19. Ne5 Bxg2 20. Kxg2 Nxe5 21. Bxe5 Qb7+ 22. Qf3 Qa6 23. Qg4 g6 24. a4 f5 25. Qd4 Qb7+ 26. Kg1 Bc5 27. Qf4 Qe7 28. Bd6 Bxd6 29. Qxd6 Qxd6 30. Nxd6 Rcd8 31. Rfd1 Rd7 32. Nb5 Rfd8 33. Rxd7 Rxd7 34. Kf1 a6 35. Nc7 Rd4 36. Rc6 Rxa4 37. Rxb6 a5 38. Nxe6 Ra2 39. Rb7 a4 40. Rg7+ Kh8 41. Ra7 Kg8 42. Nc5 a3 43. Nb3 h6 44. Kg2 Kf8 45. Kf3 Ke8 46. h4 Kf8 47. Ke3 Kg8 48. f3 g5 49. hxg5 hxg5 50. Nd4 Ra1 51. Nc2 Rg1 52. Kf2 1-0